How to facilitate productive project planning meetings : (Record no. 14583)
[ view plain ]
| 000 -LEADER | |
|---|---|
| fixed length control field | 01030nam a22003015i 4500 |
| 001 - CONTROL NUMBER | |
| control field | 20550099 |
| 005 - DATE AND TIME OF LATEST TRANSACTION | |
| control field | 20191014103720.0 |
| 008 - FIXED-LENGTH DATA ELEMENTS--GENERAL INFORMATION | |
| fixed length control field | 180620s2018 vau 000 0 eng |
| 010 ## - LIBRARY OF CONGRESS CONTROL NUMBER | |
| LC control number | 2018948896 |
| 020 ## - INTERNATIONAL STANDARD BOOK NUMBER | |
| International Standard Book Number | 978-1-938548-26-0 (pbk.) |
| 040 ## - CATALOGING SOURCE | |
| Original cataloging agency | DLC |
| Language of cataloging | eng |
| Description conventions | rda |
| Transcribing agency | DLC |
| 042 ## - AUTHENTICATION CODE | |
| Authentication code | pcc |
| 082 ## - DEWEY DECIMAL CLASSIFICATION NUMBER | |
| Edition number | 2018 |
| Classification number | DC 658.40422 |
| Item number | M299 |
| 100 1# - MAIN ENTRY--PERSONAL NAME | |
| Personal name | Maltzman, Rich. |
| 9 (RLIN) | 40342 |
| 245 10 - TITLE STATEMENT | |
| Title | How to facilitate productive project planning meetings : |
| Remainder of title | a practical guide to ensuring project success / |
| Statement of responsibility, etc. | Rich Maltzman, Jim Stewart. |
| 260 ## - PUBLICATION, DISTRIBUTION, ETC. (IMPRINT) | |
| Place of publication, distribution, etc. | Palmyra, VA : |
| Name of publisher, distributor, etc. | Maven House, |
| Date of publication, distribution, etc. | 2018. |
| 263 ## - PROJECTED PUBLICATION DATE | |
| Projected publication date | 1811 |
| 300 ## - PHYSICAL DESCRIPTION | |
| Extent | xiii, 230 pages: |
| Other physical details | illustrations ; |
| Dimensions | 23 cm |
| 500 ## - GENERAL NOTE | |
| General note | Includes index. |
| 650 ## - SUBJECT ADDED ENTRY--TOPICAL TERM | |
| Topical term or geographic name as entry element | Project management -- Planning. |
| 9 (RLIN) | 40343 |
| 650 ## - SUBJECT ADDED ENTRY--TOPICAL TERM | |
| Topical term or geographic name as entry element | Business meetings -- Handbooks, manuals, etc. |
| 9 (RLIN) | 40344 |
| 700 ## - ADDED ENTRY--PERSONAL NAME | |
| Personal name | Stewart, Jim |
| 9 (RLIN) | 40345 |
| 700 ## - ADDED ENTRY--PERSONAL NAME | |
| Personal name | Kerzner, Harold |
| Relator term | Foreword |
| 9 (RLIN) | 40346 |
| 365 ## - TRADE PRICE | |
| Price amount | 1,990.00 |
| Currency code | Php |
| 906 ## - LOCAL DATA ELEMENT F, LDF (RLIN) | |
| a | 0 |
| b | ibc |
| c | orignew |
| d | 2 |
| e | epcn |
| f | 20 |
| g | y-gencatlg |
| 942 ## - ADDED ENTRY ELEMENTS (KOHA) | |
| Source of classification or shelving scheme | Dewey Decimal Classification |
| Koha item type | Circulation |
| Withdrawn status | Lost status | Source of classification or shelving scheme | Damaged status | Not for loan | Collection code | Home library | Current library | Shelving location | Date acquired | Source of acquisition | Cost, normal purchase price | Total Checkouts | Full call number | Barcode | Date last seen | Date last checked out | Copy number | Price effective from | Koha item type |
|---|---|---|---|---|---|---|---|---|---|---|---|---|---|---|---|---|---|---|---|
| Dewey Decimal Classification | Circulation | UM Digos College - LIC | UM Digos College - LIC | Book Cart | 08/08/2019 | Purchased | 1990.00 | 1 | DC 658.40422 M299 2018 | 25697 | 05/15/2025 | 05/17/2024 | 1 | 10/14/2019 | Circulation |
